Регионална библиотека "Любен Каравелов" - Русе

Избрани философски произведения (Запис номер 104013)

MARC детайли
000 -Лидер
Контролно поле с фиксирана дължина 01461nam a2200349 c 4500
003 - Код на организацията, давaща контролен номер
Контролно поле BLK
005 - Дата и час на последна редакция
Контролно поле 20221130134836.0
008 - Елементи от данни с фиксирана дължина
fixed length control field 180409b bul|||||r ||||||| ||bul||
010 ## - Наследен системен номер
LC control number KNG00109109000
040 ## - Източник на каталожния запис
Идентификатор на билиотеката - собственик на записа BLK
041 ## - Код за език
Код за езика на текст/звукозапис или на отделно заглавие Български
Код за езика КДБФ Български
080 ## - УДК
Текстов определител УДК Обща история на философията
УДК код - определител по УДК 101(091)
УДК определител (470)(081.2)
УДК - код + определител 101(091)(470)(081.2)
100 1# - Редна дума - Автор
Автор Херцен, Александър Иванович
Авторска отговорност първи автор
R(LIN) 309765
139 ## - Редно поле
Редна дума Херцен, Александър Иванович
Авторски знак Херц - Х 44
245 10 - Сведения за заглавието
Заглавие Избрани философски произведения
Редно поле (дума) Александър Иванович Херцен; състав. Марин Бъчваров; прев. от рус. Светлана Николова.
257 ## - Страна на издаване
Страна на създаване/издаване Русия
260 ## - Област на издателските данни
Място на издаване, разпространение и проч. София
Име на издателя, разпространителя и проч. Наука и изкуство
Година на издаване 1979
300 ## - Физическа характеристика
Страници 348 с.
Размери/Мащаб 21 см
380 ## - Жанр
Жанр Философия
490 ## - СЕРИИ (Колекции)
Име на серия Философско наследство
9 (RLIN) 201629
500 ## - Общи забележки
Забележка Прев. е направен от Собрание сочинений М., 1971.
650 #4 - Допълнително описание по предмет – тема
Основно описание – тема или топоним Философия, руска
9 (RLIN) 258223
650 #4 - Допълнително описание по предмет – тема
Основно описание – тема или топоним Философи, руски
9 (RLIN) 247120
653 ## - Ключова дума – ненормативна
Ключова дума руски философи
700 1# - Други автори (авторска отговорност)
Лично име Бъчваров, Марин
Автороска отговорност (Описва отношението между автора и произведението) състав.
9 (RLIN) 369341
700 1# - Други автори (авторска отговорност)
Лично име Николова, Светлана
Автороска отговорност (Описва отношението между автора и произведението) прев. от рус.
9 (RLIN) 366308
852 ## - Местоположение
Форматна сигнатура Цб 100973
856 4# - Електронен адрес и достъп
Електронен формат pdf - файл
Инструкция (цена за достъп) 0.00
Права за достъп disable
856 4# - Електронен адрес и достъп
Електронен формат pdf - файл
Инструкция (цена за достъп) 0.00
Права за достъп disable
999 ## - СИСТЕМНИ КОНТРОЛНИ НОМЕРА
Koha biblionumber 104013
Koha biblioitemnumber 104013
942 ## - АРТИКУЛИ
Вид на библиотечния материал Книги
Скрит в OPAC Не
Koha issues (borrowed), all copies 1
Периодичен библиозапис Да
944 ## - СЪЗДАВАНЕ И РЕДАКЦИЯ на ЗАПИСА
Създаване/Редакция Създаване
Дата на регистрацията/редакция 21.11.2003
Служител, извършил регистрацията/редакцията Цветанка_Енчева
944 ## - СЪЗДАВАНЕ И РЕДАКЦИЯ на ЗАПИСА
Създаване/Редакция Редакция
Дата на регистрацията/редакция 13.02.2004
944 ## - СЪЗДАВАНЕ И РЕДАКЦИЯ на ЗАПИСА
Създаване/Редакция Редакция
Дата на регистрацията/редакция 2022-11-30
Служител, извършил регистрацията/редакцията Христина Везирева
999 ## - СИСТЕМНИ КОНТРОЛНИ НОМЕРА
Koha biblioitemnumber 104013
Наличности
Код за отписване Код за изгубен артикул Код за повреда Коз за рестрикции Код за отдаване Артикулен № Име на библиотеката - собственик Име на библиотеката, в която се намира в момента Статус (Текущо местоположение) Дата на вписване в системата Местоположение - отдел Цена в лева Инвентарен номер Систематично азбучна сигнатура Баркод Номер на екземпляра Цена в евро Служебна бележка Служебен тип на артикула Източник на класификационната схема
Изтеглен Не е изгубен Не е повреден без рестрикции заемане за дома 168067 Регионална библиотека "Любен Каравелов" Русе Регионална библиотека "Любен Каравелов" Русе Заемна - подръчен фонд 2003-11-21 Заемна - подръчен фонд 5.00 120000680299 П 101(091)Х 44 120000680299 1 2.56 Дост: DA Вид: А N: 29 Дата: 19.11.2003 Дата инв: 01.02.2018 Бележки инв: П2018 Книги  
  Не е изгубен Не е повреден без рестрикции ползва се в читалня 168068 Регионална библиотека "Любен Каравелов" Русе Регионална библиотека "Любен Каравелов" Русе Хранилище 1979-01-01 Хранилище 2.60 293554 Цб 100973 120000293554 2 1.33 Дост: Dp Вид: Д N: стар фонд Дата: 01.01.1979 Книги Universal Decimal Classification
Изтеглен Не е изгубен Не е повреден без рестрикции заемане за дома 168069 Регионална библиотека "Любен Каравелов" Русе Регионална библиотека "Любен Каравелов" Русе Заемна - подръчен фонд 1979-01-01 Заемна - подръчен фонд 2.60 295014 П 101(091)/Х 44 295014 3 1.33 Дост: Pk Вид: Ф N: стар фонд Дата: 01.01.1979 Дата инв: 01.02.2018 Бележки инв: П2018 Книги Universal Decimal Classification
  Не е изгубен Не е повреден без рестрикции заемане за дома 168070 Регионална библиотека "Любен Каравелов" Русе Регионална библиотека "Любен Каравелов" Русе Заемна - подръчен фонд 1979-01-01 Заемна - подръчен фонд 2.60 295016 П 101(091)/Х 44 120000295016 4 1.33 Дост: Pk Вид: Ф N: стар фонд Дата: 01.01.1979 Дата инв: 01.02.2018 Бележки инв: П2018 Книги Universal Decimal Classification
Vip Innovations Ltd, Rousse, Bulgaria 2025